000 00509nam a2200169Ia 4500
008 090711s9999 xx 000 0 und d
082 _b51142
100 _aखाडीलकर उषा
245 _aकविता काजळलेली
260 _c1985
300 _a180
600 _aखाडीलकर उषा
630 _aकविता काजळलेली
700 _aखाडीलकर उषा
730 _aकविता काजळलेली
942 _cBOOK
999 _c301524
_d301524